000 00617nam a2200193 i 4500
001 92839
003 ES-MaACL
005 20230906181053.0
007 t|
008 050329s1970 sp ||||1| spa d
100 1 _aLissagaray, Hippolyte-Prosper-Olivier.
_972545
245 1 0 _aHistoria de la Comuna de 1871 /
_cHippolyte-Prosper-Olivier Lissagaray; [traducción de R. Marín y D. Iribar].
260 _aMadrid :
_bArtiach,
_c1970.
300 _a584 p. ;
_c19 cm.
651 4 _aParís-
_xHistoria-
_y1871, Comuna.
_99212
700 1 _aMarín, R.
_976754
700 1 _aIribar, D.
_965449
852 4 _aES-MaACL
_jC-47067
999 _c92839
_d92839